[Event "Adelboden op 8th"]
[Site "Adelboden"]
[Date "2022.12.10"]
[Round "3"]
[White "Boudkeev, Timour"]
[Black "Weber, Rene"]
[Result "1/2-1/2"]
[WhiteElo "1771"]
[BlackElo "1634"]
[PlyCount "36"]
[EventDate "2022.12.09"]
[EventType "swiss"]
[EventRounds "5"]
[EventCountry "SUI"]
[SourceTitle "CBM 211 Extra"]
[Source "ChessBase"]
[SourceDate "2023.01.31"]
[SourceVersion "1"]
[SourceVersionDate "2023.01.31"]
[SourceQuality "1"]

1. d4 d5 2. c4 c6 3. Nc3 Nf6 4. e3 e6 5. Nf3 Nbd7 6. Bd3 dxc4 7. Bxc4 b5 8. Bd3 Bb7 9. 0-0 a6 10. e4 c5 11. e5 Nd5 12. Nxd5 Bxd5 13. Bg5 Be7 14. Bxe7 Qxe7 15. Qc2 0-0 16. Be4 Nb6 17. Bxd5 Nxd5 18. dxc5 Rac8 1/2-1/2